[Event "AUTO-MASTER-2066"]
[Site "http://www.queenalice.com/game.php?id=1271568"]
[Date "2014.4.9"]
[Round "1"]
[White "docb"]
[Black "deep"]
[Result "0-1"]
[WhiteElo "2039"]
[BlackElo "2132"]

1. e4 c6 2. d4 d5 3. e5 Bf5 4. f4 e6 5. g4 Qh4+ 6. Kd2 Be4 7. Nf3 Qxg4 8. Be2
Bxf3 9. Bxf3 Qxf4+ 10. Ke1 Qh4+ 11. Kf1 c5 12. c3 Nc6 13. Be3 Nh6 14. Qe1 Qh3+
15. Ke2 cxd4 16. cxd4 Nf5 17. Qc3 g5 18. Bxg5 Nfxd4+ 19. Kf2 Bg7 20. Bf6 Bxf6
21. exf6 Qh4+ 22. Ke3 Qxf6 23. Nd2 Nb4 24. Rhc1 Qh6+ 25. Kf2 Qxh2+ 26. Kf1 Nbc6
27. Ke1 Qg3+ 28. Kf1 Rg8 29. Qe3 Qh3+ 30. Ke1 Rg3 31. Rc3 Nxf3+ 32. Nxf3 d4 0-1

[Event "AUTO-MASTER-2066"]
[Site "http://www.queenalice.com/game.php?id=1271569"]
[Date "2014.4.9"]
[Round "1"]
[White "deep"]
[Black "docb"]
[Result "1-0"]
[WhiteElo "2143"]
[BlackElo "2026"]

1. d4 d5 2. Nf3 Nf6 3. c4 e6 4. Bg5 Nbd7 5. Nc3 Be7 6. e3 O-O 7. Be2 b6 8. O-O
dxc4 9. Bxc4 Bb7 10. Bf4 c5 11. d5 exd5 12. Nxd5 Nxd5 13. Bxd5 Bxd5 14. Qxd5 Nf6
15. Qb7 Qd7 16. Qa6 Rfd8 17. Ne5 Qe6 18. Nf3 Nd5 19. Bg3 Nb4 20. Qb5 Bf6 21. a3
Nc2 22. Rac1 a6 23. Qa4 Nxe3 24. fxe3 Bxb2 25. Rce1 b5 26. Qh4 Bxa3 27. Ng5 Qg6
28. Nxf7 Rd2 29. Ne5 Qe6 30. Nf3 Rb2 31. Be5 Rb4 32. Qg3 Rg4 33. Qh3 Rg6 34.
Qxe6+ Rxe6 35. Ra1 Bb4 36. Rfd1 a5 37. Rd7 Rxe5 38. Nxe5 Bc3 39. Rad1 Bxe5 40.
Rd8+ Rxd8 41. Rxd8+ Kf7 42. Rd5 Bc3 43. Rxc5 b4 44. Rxa5 b3 45. Rb5 b2 46. Kf2
Ke6 47. Ke2 Be5 48. g3 h6 49. Kf3 Bf6 50. Ke4 Kd6 51. Kd3 Kc6 52. Kc4 Kd6 53. g4
Ke6 54. h3 Kd6 55. Rb3 Ke6 56. Rb6+ Kf7 57. Kd5 Bc3 58. e4 g6 59. e5 h5 60. Rb7+
Kg8 61. Kd6 hxg4 62. hxg4 Kf8 63. e6 Bf6 64. Rb8+ Kg7 65. e7 1-0

[Event "AUTO-MASTER-2066"]
[Site "http://www.queenalice.com/game.php?id=1271574"]
[Date "2014.4.9"]
[Round "1"]
[White "Artking"]
[Black "deep"]
[Result "0-1"]
[WhiteElo "2083"]
[BlackElo "2131"]

1. e4 c6 2. d4 d5 3. Nd2 e5 4. c3 exd4 5. cxd4 dxe4 6. Nxe4 Bf5 7. Ng3 Bg6 8. h4
h6 9. h5 Bh7 10. Bc4 Nf6 11. Nf3 Nbd7 12. Bf4 Nb6 13. Bd3 Bb4+ 14. Kf1 O-O 15.
Ne5 Nbd5 16. Bc1 Bd6 17. a3 Qc7 18. f4 c5 19. Nf5 cxd4 20. Nxd6 Qxd6 21. Bxh7+
Kxh7 22. Qxd4 Kg8 23. Be3 Qa6+ 24. Kf2 Ne7 25. Rad1 Nf5 26. Qd3 Nxe3 27. Kxe3
Qb6+ 28. Kf3 Rad8 29. Qc4 Rxd1 30. Rxd1 Qxb2 31. g4 Qxa3+ 32. Rd3 Qa1 33. Rd2
Qh1+ 34. Kg3 Ne4+ 0-1

[Event "AUTO-MASTER-2066"]
[Site "http://www.queenalice.com/game.php?id=1271575"]
[Date "2014.4.9"]
[Round "1"]
[White "deep"]
[Black "Artking"]
[Result "0-1"]
[WhiteElo "2145"]
[BlackElo "2064"]

1. d4 Nf6 2. c4 g6 3. Nc3 Bg7 4. e4 d6 5. f4 O-O 6. Nf3 Bg4 7. Be2 e5 8. Qb3 Qc8
9. d5 a6 10. O-O Nbd7 11. fxe5 Nxe5 12. Nxe5 Bxe2 13. Nxg6 hxg6 14. Nxe2 Nxe4
15. Ng3 Bd4+ 16. Kh1 Nf2+ 17. Rxf2 Bxf2 18. Bh6 Re8 19. Qc3 Re5 20. Rf1 Bxg3 21.
Qxg3 Qd7 22. Bg5 Rae8 23. h3 Rf5 24. Rd1 Re2 25. Be3 Qe7 26. Bd4 Qe4 27. Kg1 Qc2
28. Re1 Rxe1+ 29. Qxe1 Kf8 30. Qh4 Qc1+ 31. Kh2 Qf4+ 32. Qg3 Qxd4 0-1

[Event "Challenge"]
[Site "http://www.queenalice.com/game.php?id=1271653"]
[Date "2014.4.9"]
[Round "-"]
[White "Apatride"]
[Black "deep"]
[Result "1-0"]
[WhiteElo "2537"]
[BlackElo "2147"]

1. e4 c6 2. d4 d5 3. exd5 cxd5 4. Bd3 Nf6 5. Nf3 Bg4 6. O-O Nc6 7. Be3 e6 8. h3
Bh5 9. c3 Bd6 10. Nbd2 Bc7 11. Qc2 Bg6 12. Bxg6 hxg6 13. Ng5 Qd6 14. Ndf3 Nd7
15. Rad1 Ne7 16. Rfe1 f6 17. Nxe6 Qxe6 18. Bf4 Qc6 19. Qxg6+ Kd8 20. Qxg7 Re8
21. Bxc7+ Qxc7 22. Rd2 Nb8 23. Qxf6 Nc6 24. Ne5 Rc8 25. Nf7+ Kd7 26. Qe6# 1-0

[Event "Challenge"]
[Site "http://www.queenalice.com/game.php?id=1271654"]
[Date "2014.4.9"]
[Round "-"]
[White "deep"]
[Black "Apatride"]
[Result "0-1"]
[WhiteElo "2146"]
[BlackElo "2560"]

1. d4 Nf6 2. c4 g6 3. Nc3 Bg7 4. e4 d6 5. f4 O-O 6. e5 Nfd7 7. Nf3 c5 8. exd6
exd6 9. Be2 Nc6 10. Nb5 Nxd4 11. Nbxd4 cxd4 12. O-O Re8 13. Re1 Nc5 14. Nxd4 Qb6
15. Kf1 Bd7 16. Rb1 Re7 17. Nb3 Bf5 18. Ra1 Ne4 19. c5 dxc5 20. Bc4 Rd8 21. Qf3
Qb4 22. Qe2 Ng3+ 23. hxg3 Rxe2 24. Bxe2 b6 25. Rd1 Rxd1+ 26. Bxd1 c4 27. a3 Bd3+
28. Kf2 Qa4 0-1

[Event "Challenge"]
[Site "http://www.queenalice.com/game.php?id=1273527"]
[Date "2014.4.16"]
[Round "-"]
[White "Apatride"]
[Black "deep"]
[Result "1-0"]
[WhiteElo "2573"]
[BlackElo "2132"]

1. d4 d5 2. c4 c6 3. Nf3 Nf6 4. Nc3 Bf5 5. cxd5 cxd5 6. Qb3 Qc8 7. Bf4 e6 8. Nb5
Na6 9. Rc1 Bb4+ 10. Kd1 Qd8 11. Nc7+ Nxc7 12. Qxb4 e5 13. Bxe5 Ne6 14. e4 Bxe4
15. Bxf6 Qxf6 16. Bb5+ Kd8 17. Qd6# 1-0

[Event "Challenge"]
[Site "http://www.queenalice.com/game.php?id=1273528"]
[Date "2014.4.16"]
[Round "-"]
[White "deep"]
[Black "Apatride"]
[Result "0-1"]
[WhiteElo "2131"]
[BlackElo "2574"]

1. d4 d5 2. c4 c6 3. Nc3 dxc4 4. e4 b5 5. a4 b4 6. Nb1 Ba6 7. Be3 Nf6 8. f3 e5
9. dxe5 Qxd1+ 10. Kxd1 Nfd7 11. f4 c3 12. Bxa6 cxb2 13. Ra2 Nxa6 14. Rxb2 Ndc5
15. Rc2 Rc8 16. Nd2 Nxa4 17. Ne2 Bc5 18. Bxc5 N6xc5 19. Nd4 Nc3+ 20. Kc1 Nd3#
0-1

[Event "Challenge"]
[Site "http://www.queenalice.com/game.php?id=1279908"]
[Date "2014.5.8"]
[Round "-"]
[White "Zugswang"]
[Black "deep"]
[Result "0-1"]
[WhiteElo "2251"]
[BlackElo "2159"]

1. e4 c6 2. d4 d5 3. e5 Bf5 4. h4 e6 5. g4 Qa5+ 6. c3 Bxb1 7. Rxb1 Qxa2 8. Be3
Nd7 9. Bd3 f6 10. f4 fxe5 11. fxe5 O-O-O 12. Nf3 Nh6 13. Ng5 Re8 14. Rh2 Qa5 15.
Nxh7 Qb6 16. Ng5 Nxe5 17. Be2 Bd6 18. Rh3 Nc4 19. Bc1 e5 20. b3 exd4 21. Qxd4
Bc5 22. Qxg7 Nxg4 23. Ne4 Kb8 24. Nxc5 Qxc5 25. Qxg4 Rhg8 26. Qd4 Qe7 27. Bf4+
Ka8 28. Rh2 c5 29. Qf2 Qe4 30. Rc1 Na5 31. Bg5 Nxb3 32. Rd1 d4 33. Qf4 Qc2 34.
cxd4 Qc3+ 35. Kf1 Rgf8 36. Bf6 Re6 37. Rf2 Qh3+ 38. Ke1 Rexf6 39. Qxf6 Rxf6 40.
Rxf6 Qxh4+ 41. Rf2 Nxd4 42. Rd2 a5 43. Bd1 Qh1+ 44. Rf1 Qe4+ 45. Kf2 Qf4+ 46.
Ke1 Qe3+ 47. Be2 c4 48. Kd1 c3 49. Ra2 c2+ 0-1

[Event "Aspayne"]
[Site "http://www.queenalice.com/game.php?id=1283333"]
[Date "2014.5.22"]
[Round "2"]
[White "deep"]
[Black "Puffer"]
[Result "1-0"]
[WhiteElo "2178"]
[BlackElo "2048"]

1. d4 Nf6 2. c4 g6 3. Nc3 Bg7 4. Nf3 d6 5. e4 O-O 6. Be2 Na6 7. O-O c6 8. Bg5 h6
9. Bh4 g5 10. Bg3 Nh5 11. h3 Nxg3 12. fxg3 Nc7 13. g4 Ne6 14. Re1 Nf4 15. Bf1
Qc7 16. Ne2 e5 17. dxe5 dxe5 18. Nxf4 exf4 19. Rb1 Qb6+ 20. Kh2 Be6 21. Qc2 Rad8
22. c5 Qc7 23. b3 Bc8 24. Rbd1 b6 25. a4 Rd7 26. Rxd7 Bxd7 27. Rd1 Re8 28. Bc4
bxc5 29. Qd3 Bc8 30. e5 Bxe5 31. Nxe5 Qxe5 32. Qg6+ Qg7 33. Bxf7+ Kf8 34. Bxe8
1-0

[Event "Gabriel_HD"]
[Site "http://www.queenalice.com/game.php?id=1285844"]
[Date "2014.6.3"]
[Round "5"]
[White "Paulsains"]
[Black "deep"]
[Result "0-1"]
[WhiteElo "1898"]
[BlackElo "2174"]

1. e4 e5 2. Nf3 Nc6 3. Be2 Nf6 4. Nc3 Bb4 5. O-O O-O 6. a3 Bxc3 7. dxc3 Nxe4 8.
Bd3 Nf6 9. Re1 d6 10. h3 h6 11. Bd2 Re8 12. Qc1 e4 13. Bxe4 Nxe4 14. Bxh6 gxh6
15. Qxh6 Bf5 16. g4 Re6 17. Qf4 Bg6 18. Re2 Qf6 19. Qxf6 Nxf6 20. Rd2 Ne4 0-1

[Event "AUTO-OPEN-3228"]
[Site "http://www.queenalice.com/game.php?id=1303088"]
[Date "2014.8.21"]
[Round "2"]
[White "deep"]
[Black "Sambafor"]
[Result "1-0"]
[WhiteElo "2192"]
[BlackElo "2126"]

1. d4 g6 2. e4 Bg7 3. c4 d6 4. Nc3 Nc6 5. Be3 e5 6. d5 Nce7 7. Bd3 f5 8. f4 exf4
9. Bxf4 h6 10. Nge2 g5 11. Be3 Nf6 12. O-O fxe4 13. Nxe4 O-O 14. Qd2 Nxe4 15.
Bxe4 Bf5 16. Ng3 Bxe4 17. Nxe4 Nf5 18. Nc3 a6 19. Rae1 Qd7 20. Qd3 Rae8 21. Bd2
Nh4 22. Rxf8+ Rxf8 23. Qe4 Qf5 24. Qe6+ Qxe6 25. Rxe6 Bd4+ 26. Be3 Bg7 27. Bf2
Nf5 28. Ne4 Nd4 29. Re7 Ne2+ 30. Kf1 Nc1 31. g3 Rf7 32. Re8+ Kh7 33. Kg2 Bxb2
34. c5 dxc5 35. Nxc5 b6 36. Nxa6 Nxa2 37. Re2 Nc3 38. Rxb2 Nxd5 39. Nb4 Nc3 40.
Rc2 Nb5 41. Nd5 Kg6 42. Rc6+ Kg7 43. h4 Rd7 44. Nf6 Re7 45. hxg5 hxg5 46. g4 Na7
47. Nh5+ Kh7 48. Rc4 Nb5 49. Nf6+ Kg6 50. Nd5 Rd7 51. Rc6+ Kg7 52. Nc3 Na7 53.
Re6 Kf7 54. Re5 c5 55. Rxg5 Rd3 56. Nd5 Rb3 57. Rf5+ Kg7 58. g5 1-0

[Event "AUTO-OPEN-3228"]
[Site "http://www.queenalice.com/game.php?id=1303089"]
[Date "2014.8.21"]
[Round "2"]
[White "Sambafor"]
[Black "deep"]
[Result "1/2-1/2"]
[WhiteElo "2124"]
[BlackElo "2194"]

1. d4 d5 2. c4 Nf6 3. Nc3 e6 4. Nf3 c5 5. cxd5 exd5 6. Bg5 Be6 7. e3 a6 8. Qa4+
Nbd7 9. Be2 c4 10. O-O Be7 11. Ne5 O-O 12. f4 Nxe5 13. fxe5 Ne4 14. Bxe7 Nxc3
15. bxc3 Qxe7 16. Rab1 Qg5 17. Rf3 h5 18. Rg3 Qh6 19. Qd1 h4 20. Rf3 b5 21. Qd2
Rab8 22. a3 Rb6 23. Rf4 h3 24. g3 Bd7 25. Rh4 Qg6 26. Qd1 Bf5 27. Rb2 Qg5 28.
Rf4 Rh6 29. Bg4 Bxg4 30. Qxg4 Qxg4 31. Rxg4 f6 32. exf6 Rhxf6 33. Rf4 Re6 34.
Kf2 g5 35. Rxf8+ Kxf8 36. Kf3 Kg7 37. a4 Kg6 38. axb5 Rb6 39. e4 Rxb5 40. Rxb5
axb5 41. exd5 Kf6 42. d6 Ke6 43. Ke4 Kxd6 44. d5 Kc5 45. Ke5 b4 46. cxb4+ Kxb4
47. d6 c3 48. d7 c2 49. d8=Q c1=Q 50. Qd6+ Kb3 51. Qb6+ Ka4 52. Qa6+ Kb4 53.
Qd6+ Ka5 54. Qd5+ 1/2-1/2

[Event "AUTO-OPEN-3228"]
[Site "http://www.queenalice.com/game.php?id=1303090"]
[Date "2014.8.21"]
[Round "2"]
[White "deep"]
[Black "TheBigSid"]
[Result "1-0"]
[WhiteElo "2189"]
[BlackElo "2229"]

1. d4 Nf6 2. c4 e6 3. f3 d5 4. Nc3 c5 5. e3 Nc6 6. cxd5 exd5 7. Bb5 Bd6 8. Nge2
O-O 9. O-O Re8 10. Re1 a6 11. Ba4 Bf5 12. Kh1 c4 13. Bc2 Bxc2 14. Qxc2 b5 15. a3
b4 16. axb4 Nxb4 17. Qf5 Nd3 18. Rf1 Nxc1 19. Nxc1 Bc7 20. Nd1 Qd6 21. g3 h5 22.
Ne2 h4 23. Kg2 a5 24. Qh3 hxg3 25. hxg3 g6 26. Rh1 Kf8 27. Qh6+ Ke7 28. Qg5 Rh8
29. Ndc3 Qc6 30. Rxh8 Rxh8 31. e4 Rh5 32. Qe3 Qe6 33. e5 Qh3+ 34. Kf2 Qh2+ 35.
Ke1 Qh1+ 36. Qg1 Qxf3 37. exf6+ Kxf6 38. Kd2 Ke6 39. Qe3+ Qxe3+ 40. Kxe3 Rh2 41.
Re1 Bd8 42. Nf4+ Kd6 43. Re2 Rh1 44. Nfxd5 Bg5+ 45. Nf4 Ra1 46. Ne4+ 1-0

[Event "AUTO-OPEN-3228"]
[Site "http://www.queenalice.com/game.php?id=1303091"]
[Date "2014.8.21"]
[Round "2"]
[White "TheBigSid"]
[Black "deep"]
[Result "1/2-1/2"]
[WhiteElo "2219"]
[BlackElo "2188"]

1. d4 Nf6 2. c4 e6 3. Nf3 d5 4. Nc3 Bb4 5. e3 c5 6. Bd3 dxc4 7. Bxc4 O-O 8. O-O
Qc7 9. Be2 Rd8 10. Qb3 Nc6 11. a3 cxd4 12. exd4 Ba5 13. Be3 Ng4 14. Rac1 Qe7 15.
Rfd1 Bb6 16. Ne4 h6 17. Nc5 Rd5 18. h3 Nxe3 19. fxe3 Bxc5 20. dxc5 Rxc5 21. Nd4
Nxd4 22. exd4 Rxc1 23. Rxc1 b6 24. Qg3 Bd7 25. Rc7 a5 26. Bb5 Rd8 27. Qe5 Qe8
28. Bxd7 Rxd7 29. Rxd7 Qxd7 30. Qb8+ Kh7 31. Qxb6 a4 32. Qc5 f6 33. Kh2 Kg6 34.
Qc2+ Kf7 35. Qc5 Qb7 36. Qc3 Qb8+ 37. Kg1 Ke7 38. Qc5+ Qd6 39. Qa7+ Qd7 40. Qc5+
Qd6 41. Qa7+ Qd7 42. Qc5+ Qd6 1/2-1/2

[Event "Challenge"]
[Site "http://www.queenalice.com/game.php?id=1307488"]
[Date "2014.9.11"]
[Round "-"]
[White "AAABBB"]
[Black "deep"]
[Result "1-0"]
[WhiteElo "2489"]
[BlackElo "2202"]

1. e4 c5 2. Nf3 Nc6 3. d4 cxd4 4. Nxd4 Nf6 5. Nc3 e6 6. a3 Bc5 7. Nxc6 bxc6 8.
e5 Nd5 9. Ne4 Be7 10. c4 f5 11. cxd5 fxe4 12. d6 Qa5+ 13. Bd2 Qxe5 14. dxe7 Qxb2
15. Rb1 Qxa3 16. Qh5+ g6 17. Qe5 Rg8 18. Bb4 Qa2 19. Rd1 a5 20. Bd6 Qa4 21. Ra1
Qc2 22. Qf6 1-0

[Event "Challenge"]
[Site "http://www.queenalice.com/game.php?id=1307490"]
[Date "2014.9.11"]
[Round "-"]
[White "deep"]
[Black "AAABBB"]
[Result "0-1"]
[WhiteElo "2199"]
[BlackElo "2491"]

1. d4 Nf6 2. c4 g6 3. Nc3 Bg7 4. e4 d6 5. f4 O-O 6. Nf3 c5 7. Be2 cxd4 8. Nxd4
Qb6 9. Nb3 Be6 10. Qd3 Na6 11. Be3 Bxc4 12. Bxb6 Bxd3 13. Bxd3 axb6 14. O-O Nd7
15. Rac1 Nac5 16. Bb5 Rfd8 17. Bxd7 Rxd7 18. Nd5 Rxa2 19. Nxb6 Rd8 20. Nd2 Bd4+
21. Kh1 Nd3 22. Rc8 Bxb6 0-1

[Event "Challenge"]
[Site "http://www.queenalice.com/game.php?id=1311545"]
[Date "2014.9.30"]
[Round "-"]
[White "AAABBB"]
[Black "deep"]
[Result "1-0"]
[WhiteElo "2560"]
[BlackElo "2196"]

1. d4 Nf6 2. c4 g6 3. Nc3 Bg7 4. e4 d6 5. Nf3 Nbd7 6. e5 dxe5 7. dxe5 Ng4 8. e6
Bxc3+ 9. bxc3 fxe6 10. Ng5 Nde5 11. Qe2 h6 12. Nh3 Qd6 13. f4 Nxc4 14. Qxg4 e5
15. f5 Na3 16. Qa4+ 1-0

[Event "Challenge"]
[Site "http://www.queenalice.com/game.php?id=1311546"]
[Date "2014.9.30"]
[Round "-"]
[White "deep"]
[Black "AAABBB"]
[Result "0-1"]
[WhiteElo "2195"]
[BlackElo "2564"]

1. d4 d5 2. c4 c6 3. Nc3 Nf6 4. Nf3 dxc4 5. a4 Bf5 6. Nh4 Bg4 7. f3 Be6 8. e4
Na6 9. Bg5 Nb4 10. a5 Qxd4 11. Qa4 Qc5 12. Bd2 Rd8 13. Nf5 Rxd2 14. Kxd2 g6 15.
Ne3 Bh6 16. Nd1 Bxe3+ 17. Nxe3 Qd4+ 18. Ke2 Qxb2+ 19. Ke1 Qc3+ 20. Kf2 Qd2+ 21.
Kg3 Nxe4+ 0-1

[Event "AUTO-OPEN-3228"]
[Site "http://www.queenalice.com/game.php?id=1334766"]
[Date "2015.1.14"]
[Round "3"]
[White "deep"]
[Black "cdepalma1"]
[Result "1-0"]
[WhiteElo "2170"]
[BlackElo "2251"]

1. d4 Nf6 2. c4 e6 3. Nf3 Nc6 4. Nc3 Bb4 5. a3 Bxc3+ 6. bxc3 O-O 7. Bg5 h6 8.
Bh4 d6 9. e4 g5 10. Nxg5 hxg5 11. Bxg5 e5 12. Qf3 Kg7 13. d5 Nb8 14. Qe3 Ng4 15.
Qd2 f6 16. Bh4 Rh8 17. Bg3 f5 18. exf5 Bxf5 19. f3 Nf6 20. Bd3 Bxd3 21. Qxd3
Nbd7 22. O-O-O Qe8 23. f4 e4 24. Qe2 Nb6 25. Rd4 Qa4 26. Kb2 c5 27. dxc6 Qxc6
28. f5 Rac8 29. Ka2 Nxc4 30. Rb1 1-0

[Event "AUTO-OPEN-3228"]
[Site "http://www.queenalice.com/game.php?id=1334767"]
[Date "2015.1.14"]
[Round "3"]
[White "cdepalma1"]
[Black "deep"]
[Result "1-0"]
[WhiteElo "2249"]
[BlackElo "2182"]

1. e4 c5 2. Nf3 d6 3. d4 cxd4 4. Nxd4 Nc6 5. Bb5 Bd7 6. O-O Nf6 7. Nc3 g6 8.
Nxc6 bxc6 9. Ba4 Qa5 10. Bb3 Bg7 11. Bd2 Qe5 12. h3 Nxe4 13. Re1 d5 14. Nxe4
Qxb2 15. Nd6+ Kf8 16. Rb1 Qf6 17. Nb7 Qh4 18. Nc5 Bf5 19. g4 Bc8 20. Ba4 Bd4 21.
Bh6+ 1-0